| 000 | 00804nam a2200217 a 4500 | ||
|---|---|---|---|
| 001 | 000021608 | ||
| 005 | 20200930011401.0 | ||
| 008 | 100909t1988 dr ad 001 0cspa d | ||
| 040 |
_aDO-SdBNP _bspa _cBNPHU |
||
| 082 |
_a929.2 _bH557g |
||
| 100 | 1 |
_aGonzález Hernández, Julio Amable, _d1945- _944977 |
|
| 245 | 1 | 3 |
_aLa familia Hernández y sus entronques con las familias : _bCaba, Núñez, Rodríguez y Fernández / _cJulio Amable González Hernández. |
| 260 |
_aSanto Domingo : _bTaller, _c1988. |
||
| 300 |
_a247 p. : _bil., gráfcs. ; _c28 cm. |
||
| 500 | _aIncluye índice onomástico. | ||
| 600 | 3 | 4 |
_aHERNÁNDEZ (FAMILIA) _xGENEALOGÍA _944978 |
| 650 | 4 |
_aParentesco _92156 |
|
| 651 | 4 |
_aRepública Dominicana _xGenealogía _92157 |
|
| 910 | _aValidado. Control de calidad EMS. | ||
| 049 | _aBNPD | ||
| 999 |
_c21107 _d21107 |
||